Aquatic chemistry: Chemical equilibria and rates in natural waters

Salvato in:
Dettagli Bibliografici
Autore principale: Werner Stumm
Natura: Libro
Lingua:Undetermined
Pubblicazione: New York John Wiley & Sons 1996
Soggetti:
Tags: Aggiungi Tag
Nessun Tag, puoi essere il primo ad aggiungerne! !
Thư viện lưu trữ: Trung tâm Học liệu Trường Đại học Cần Thơ
LEADER 00541nam a2200193Ia 4500
001 CTU_65685
008 210402s9999 xx 000 0 und d
020 |b 62 
082 |a 551.48 
082 |b S934 
100 |a Werner Stumm 
245 0 |a Aquatic chemistry: Chemical equilibria and rates in natural waters 
245 0 |c Werner Stumm and James J. Morgan 
260 |a New York 
260 |b John Wiley & Sons 
260 |c 1996 
650 |a water chemistry 
904 |i Minh 
980 |a Trung tâm Học liệu Trường Đại học Cần Thơ